Olivia (Registro nro. 133320)

Detalles MARC
000 -LEADER
campo de control de longitud fija 00424nam a2200157 4500
001 - NÚMERO DE CONTROL
campo de control 133320
003 - IDENTIFICADOR DE NÚMERO DE CONTROL
campo de control ES-MaACL
005 - FECHA Y HORA DE LA ÚLTIMA TRANSACCIÓN
campo de control 20230906194356.0
007 - CAMPO FIJO DE DESCRIPCIÓN FÍSICA--INFORMACIÓN GENERAL
campo de control de longitud fija t|
008 - DATOS DE LONGITUD FIJA--INFORMACIÓN GENERAL
campo de control de longitud fija 070214q1940 gw r ||||1| ger d
100 1# - ENTRADA PRINCIPAL--NOMBRE DE PERSONA
Nombre de persona Rothe, Carl.
9 (RLIN) 99965
245 10 - MENCIÓN DEL TÍTULO
Título Olivia
Resto del título : roman /
Mención de responsabilidad, etc. Carl Rothe.
260 ## - PUBLICACIÓN, DISTRIBUCIÓN, ETC.
Lugar de publicación, distribución, etc. Leipzig :
Nombre del editor, distribuidor, etc. [s.n.],
Fecha de publicación, distribución, etc. [1940?] (
Fabricante Imp. Susel-verlag)
300 ## - DESCRIPCIÓN FÍSICA
Extensión 384 p. ;
Dimensiones 20 cm.
852 ## - LOCALIZACIÓN
Ubicación ES-MaACL
Número de control de estantería A-5365
Sublocalización o colección R.18765
Existencias
Estatus retirado Estado de pérdida Estado de daño No para préstamo Biblioteca de origen Biblioteca actual Ubicación en estantería Fecha de adquisición Fuente de adquisición Total de préstamos Signatura topográfica completa Código de barras Visto por última vez Precio de reemplazo Tipo de ítem Koha
        Biblioteca del Ateneo de Madrid Biblioteca del Ateneo de Madrid Sala Pecera Planta 1 17/01/2008     A-5365 1138791 23/02/2023 23/02/2023 Libro impreso